MARC details
| 000 -CABECERA |
| campo de control de longitud fija |
01605nam a2200301 a 4500 |
| 001 - NÚMERO DE CONTROL |
| campo de control |
000024928 |
| 005 - FECHA Y HORA DE LA ÚLTIMA TRANSACCIÓN |
| campo de control |
20210420095436.0 |
| 008 - DATOS DE LONGITUD FIJA--INFORMACIÓN GENERAL |
| campo de control de longitud fija |
110208s2005 dr abc 000 0 spa d |
| 040 ## - FUENTE DE LA CATALOGACIÓN |
| Centro catalogador/agencia de origen |
DO-SdBNP |
| Lengua de catalogación |
spa |
| Centro/agencia transcriptor |
BNPHU |
| 041 17 - CÓDIGO DE LENGUA |
| Código de lengua del texto/banda sonora o título independiente |
eng |
| Código de lengua del sumario o resumen |
fre |
| 082 ## - NÚMERO DE LA CLASIFICACIÓN DECIMAL DEWEY |
| Número de clasificación |
972.9 |
| Número de documento/Ítem |
C749a |
| 049 ## - FONDOS LOCALES (OCLC) |
| Fondos de biblioteca |
BNPD |
| 111 2# - ENTRADA PRINCIPAL--NOMBRE DE CONGRESO/REUNIÓN |
| Nombre de congreso/reunión o jurisdicción como elemento de entrada |
Congreso Internacional de Arquología del Caribe |
| Número del congreso/reunión o número de parte o sección |
(20 : |
| Fecha del congreso/reunión |
2003 : |
| Sede del congreso/Lugar de la reunión |
Santo Domingo) |
| 9 (RLIN) |
51173 |
| 245 10 - MENCIÓN DE TÍTULO |
| Título |
Actas del XX Congreso Internacional de Arqueología del Caribe = Proceedings of the XX International Congress for Caribbean Archaeology = Actes du XXe Congrès International D' Archéologie de la Caraïbe / |
| Mención de responsabilidad, etc. |
editores Clenis Tavárez María, Manuel A. Gracía Arévalo. |
| 246 31 - FORMA VARIANTE DE TÍTULO |
| Título propio/Titulo breve |
Proceedings of the XX International Congress for Caribbean Archaeology |
| 246 31 - FORMA VARIANTE DE TÍTULO |
| Título propio/Titulo breve |
Actes du XXe Congrès International D' Archéologie de la Caraïbe |
| 260 ## - PUBLICACIÓN, DISTRIBUCIÓN, ETC. |
| Lugar de publicación, distribución, etc. |
Santo Domingo : |
| Nombre del editor, distribuidor, etc. |
Museo del Hombre Dominicano : |
| -- |
Fundación García Arévalo, |
| Fecha de publicación, distribución, etc. |
2005. |
| 300 ## - DESCRIPCIÓN FÍSICA |
| Extensión |
2 v. : |
| Otras características físicas |
il., mapas, retrs. ; |
| Dimensiones |
29 cm. |
| 504 ## - NOTA DE BIBLIOGRAFÍA, ETC. |
| Nota de bibliografía, etc. |
Incluye referencias bibliográficas y notas al pie de las páginas |
| 546 ## - NOTA DE LENGUA/LENGUAJE |
| Nota de lengua/lenguaje |
Español, inglés, francés |
| 650 #4 - PUNTO DE ACCESO ADICIONAL DE MATERIA--TÉRMINO DE MATERIA |
| Término de materia o nombre geográfico como elemento de entrada |
Indígenas de las antillas |
| Subdivisión general |
Antiguedades |
| -- |
Congresos, conferencias, etc. |
| 9 (RLIN) |
51174 |
| 651 #4 - PUNTO DE ACCESO ADICIONAL DE MATERIA--NOMBRE GEOGRÁFICO |
| Nombre geográfico |
Antillas |
| Subdivisión general |
Antiguedades |
| -- |
Congresos, Conferencias, Etc. |
| 9 (RLIN) |
51175 |
| 651 #4 - PUNTO DE ACCESO ADICIONAL DE MATERIA--NOMBRE GEOGRÁFICO |
| Nombre geográfico |
Antillas |
| Subdivisión general |
Arqueología |
| -- |
Congresos, Conferencias, Etc. |
| 9 (RLIN) |
51176 |
| 700 12 - PUNTO DE ACCESO ADICIONAL--NOMBRE DE PERSONA |
| Nombre de persona |
Tavárez María, Clenis, |
| Término indicativo de función/relación |
ed. |
| 9 (RLIN) |
51177 |
| 700 12 - PUNTO DE ACCESO ADICIONAL--NOMBRE DE PERSONA |
| Nombre de persona |
García Arévalo, Manuel Antonio |
| Fechas asociadas al nombre |
1948- |
| Término indicativo de función/relación |
ed. |
| 9 (RLIN) |
59457 |
| 710 2# - PUNTO DE ACCESO ADICIONAL--NOMBRE DE ENTIDAD CORPORATIVA |
| Nombre de entidad corporativa o nombre de jurisdicción como elemento de entrada |
Asociación Internacional de Arqueología del Caribe |
| 9 (RLIN) |
51179 |
| 910 ## - DATOS DE OPCIÓN DEL USUARIO (OCLC) |
| Datos de opción del usuario |
Validado. Control de calidad MFF |